000 00315nam a22001337a 4500
008 170126b xxu||||| |||| 00| 0 eng d
020 _a0070650942
041 _aeng
080 _a61
100 _a3
101 _aMED
245 _aPRINCIPLES AND PRACTICE OF INTENSIVE CARE MONITORING
_cTOBIN, M.J
942 _2udc
_cBK
999 _c3787
_d3787